Cliquez sur les Doublons - Mort Subite - Statistiques

Statistiques générales
  • Ce quiz a été pris 630 fois
  • Le résultat moyen est 16 sur 30
Answers on the Grid
Answers color-coded by a green-red scale on the quiz's grid according to % correct below.
David Bowie
David Bowie
Ku Klux Klan
Ku Klux Klan
Cincinnati
Cincinnati
Portugal
Portugal
Ordinateur
Ordinateur
Kapla
Kapla
Infant
Infant
Jupiter
Jupiter
Salomon
Salomon
Peter Pan
Peter Pan
M&M's
M&M's
Cacophonie
Cacophonie
Protubérance
Protubérance
567
567
RSA
RSA
RDC
Raj Britannique
Oulan-Bator
Sainte-Lucie
Saint-Luc
Louise Michel
Michel Chasles
Patagonie
Papouasie
Asie
Lord
Philosophie
Wikipédia
456
789
123
Ben&Jerry's
Sel de mer
Train
Radio
 
Statistiques - réponses
Réponse % Correct
567
79%
567
78%
Ku Klux Klan
69%
RSA
69%
RSA
69%
Ku Klux Klan
68%
M&M's
68%
M&M's
68%
Peter Pan
57%
Peter Pan
57%
Portugal
55%
Portugal
55%
Jupiter
50%
Jupiter
50%
Ordinateur
48%
David Bowie
47%
David Bowie
47%
Kapla
46%
Kapla
46%
Ordinateur
45%
Cacophonie
43%
Salomon
43%
Cacophonie
42%
Salomon
42%
Cincinnati
39%
Cincinnati
38%
Infant
38%
Infant
37%
Protubérance
37%
Protubérance
35%
Aucun quiz correspondant
Distribution des résultats
% des personnes avec chaque résultat
Percentile par nombre de réponses
Votre historique - résultats
Vous n’avez pas pris ce quiz